000
00197nam a2200109Ia 4500
100
_a
#N/A
942
_c
BK
654
_a
50+system tools
245
_a
Freeware
260
_b
#N/A
546
_a
ENGLISH
999
_c
28912
_d
28912